Statystyki dla Najpopularniejsze kupowane energetyki w Polsce

Kliknij tutaj aby rozwiązać quiz!

Ogólne statystyki

  • Ten quiz został rozwiązany 588 razy
  • Średni wynik to 4 z 7

Statystyki odpowiedzi

Odpowiedź% Poprawnych
1Monster
97%
2Tiger
93%
4Black
91%
3Red Bull
86%
5Rockstar
46%
6Wk Dzik
9%
7Frugo Energy
3%

Rozkład punktacji

Percentyl według liczby udzielonych odpowiedzi

Procent ludzi z każdym wynikiem

Twoja historia wyników

Nie rozwiązałeś tego quizu